[Event "Baku Chess Olympiad | Open"]
[Site "chess24.com"]
[Date "2016.09.12"]
[Round "10"]
[White "Nabaty, Tamir"]
[Black "Seitaj, Ilir"]
[Result "1-0"]
[Board "3"]
[WhiteID "2809052"]
[WhiteElo "2630"]
[WhiteTitle "GM"]
[WhiteCountry "ISR"]
[WhiteFideId "2809052"]
[WhiteEloChange "2"]
[BlackID "4700031"]
[BlackElo "2374"]
[BlackTitle "IM"]
[BlackCountry "ALB"]
[BlackFideId "4700031"]
[BlackEloChange "-4"]

1. e4 {[%clk 1:30:56]} e5 {[%clk 1:30:52]} 2. Nf3 {[%clk 1:31:20]} Nf6 {[%clk
1:31:13]} 3. Nxe5 {[%clk 1:31:39]} d6 {[%clk 1:31:36]} 4. Nf3 {[%clk 1:32:03]}
Nxe4 {[%clk 1:31:58]} 5. d4 {[%clk 1:32:10]} Nf6 {[%clk 1:32:22]} 6. Bd3 {[%clk
1:30:47]} Be7 {[%clk 1:32:44]} 7. O-O {[%clk 1:30:59]} O-O {[%clk 1:33:08]} 8.
Re1 {[%clk 1:29:56]} Re8 {[%clk 1:33:27]} 9. c4 {[%clk 1:28:22]} c6 {[%clk
1:29:01]} 10. Nc3 {[%clk 1:28:31]} Nbd7 {[%clk 1:29:22]} 11. Bf4 {[%clk 1:28:12]}
Nf8 {[%clk 1:29:40]} 12. h3 {[%clk 1:28:37]} a6 {[%clk 1:28:17]} 13. b4 {[%clk
1:25:53]} Ne6 {[%clk 1:26:30]} 14. Bh2 {[%clk 1:25:52]} Bf8 {[%clk 1:26:19]} 15.
Qd2 {[%clk 1:19:50]} g6 {[%clk 1:23:24]} 16. a4 {[%clk 1:11:45]} Bg7 {[%clk
1:20:11]} 17. a5 {[%clk 1:05:55]} b5 {[%clk 1:18:13]} 18. axb6 {[%clk 1:00:13]}
Qxb6 {[%clk 1:17:36]} 19. c5 {[%clk 0:56:35]} dxc5 {[%clk 1:17:44]} 20. bxc5
{[%clk 0:57:02]} Qd8 {[%clk 1:17:52]} 21. Bc4 {[%clk 0:57:10]} Ra7 {[%clk
1:15:47]} 22. Bb8 {[%clk 0:45:35]} Rd7 {[%clk 1:09:55]} 23. Bd6 {[%clk 0:45:57]}
Rxd6 {[%clk 0:57:24]} 24. cxd6 {[%clk 0:46:16]} a5 {[%clk 0:57:44]} 25. Ne5
{[%clk 0:38:01]} Qxd6 {[%clk 0:56:32]} 26. Rxa5 {[%clk 0:38:29]} Nd7 {[%clk
0:48:39]} 27. Ne4 {[%clk 0:37:14]} Qc7 {[%clk 0:48:54]} 28. Nxf7 {[%clk 0:35:53]}
Nb6 {[%clk 0:49:12]} 29. Bxe6 {[%clk 0:26:46]} Rxe6 {[%clk 0:47:56]} 30. Ne5
{[%clk 0:27:13]} Bxe5 {[%clk 0:45:04]} 31. Rxe5 {[%clk 0:27:37]} Nc4 {[%clk
0:43:21]} 32. Nf6+ {[%clk 0:24:33]} Rxf6 {[%clk 0:43:21]} 1-0

[Event "Baku Chess Olympiad | Open"]
[Site "chess24.com"]
[Date "2016.09.12"]
[Round "10"]
[White "Ashiku, Franc"]
[Black "Baron, Tal"]
[Result "1-0"]
[Board "4"]
[WhiteID "4700066"]
[WhiteElo "2322"]
[WhiteTitle "FM"]
[WhiteCountry "ALB"]
[WhiteFideId "4700066"]
[WhiteEloChange "16"]
[BlackID "2809958"]
[BlackElo "2553"]
[BlackTitle "GM"]
[BlackCountry "ISR"]
[BlackFideId "2809958"]
[BlackEloChange "-8"]

1. Nf3 {[%clk 1:30:44]} Nf6 {[%clk 1:29:04]} 2. c4 {[%clk 1:30:36]} c5 {[%clk
1:29:32]} 3. Nc3 {[%clk 1:30:13]} d5 {[%clk 1:29:57]} 4. cxd5 {[%clk 1:30:35]}
Nxd5 {[%clk 1:30:24]} 5. e4 {[%clk 1:30:49]} Nb4 {[%clk 1:30:47]} 6. Bc4 {[%clk
1:31:13]} Nd3+ {[%clk 1:30:44]} 7. Ke2 {[%clk 1:31:37]} Nf4+ {[%clk 1:30:59]} 8.
Kf1 {[%clk 1:32:02]} Ne6 {[%clk 1:30:46]} 9. b4 {[%clk 1:32:21]} g6 {[%clk
1:30:17]} 10. bxc5 {[%clk 1:32:37]} Bg7 {[%clk 1:30:17]} 11. Bxe6 {[%clk
1:32:56]} Bxe6 {[%clk 1:30:37]} 12. d4 {[%clk 1:33:18]} O-O {[%clk 1:29:06]} 13.
Be3 {[%clk 1:33:31]} Qa5 {[%clk 1:28:29]} 14. Rc1 {[%clk 1:33:51]} Rd8 {[%clk
1:15:52]} 15. h4 {[%clk 1:15:08]} Bc4+ {[%clk 0:49:46]} 16. Kg1 {[%clk 1:13:45]}
Nc6 {[%clk 0:48:56]} 17. h5 {[%clk 1:08:47]} Rd7 {[%clk 0:38:43]} 18. hxg6 {[%clk
1:05:42]} hxg6 {[%clk 0:39:06]} 19. d5 {[%clk 0:53:40]} Ba6 {[%clk 0:21:15]} 20.
Qd2 {[%clk 0:49:13]} Qd8 {[%clk 0:15:19]} 21. Bh6 {[%clk 0:48:05]} Qf8 {[%clk
0:15:19]} 22. Qf4 {[%clk 0:46:03]} Nb4 {[%clk 0:15:17]} 23. Ne5 {[%clk 0:44:41]}
Bxh6 {[%clk 0:11:05]} 24. Rxh6 {[%clk 0:44:34]} Rdd8 {[%clk 0:08:16]} 25. Rh3
{[%clk 0:44:49]} Qg7 {[%clk 0:04:20]} 26. a3 {[%clk 0:44:14]} f6 {[%clk 0:03:49]}
27. Nxg6 {[%clk 0:41:47]} Nd3 {[%clk 0:04:12]} 28. Qf5 {[%clk 0:41:22]} Nxc5
{[%clk 0:01:49]} 29. Rh8+ {[%clk 0:37:12]} Qxh8 {[%clk 0:02:17]} 30. Nxh8 {[%clk
0:37:38]} Kxh8 {[%clk 0:02:42]} 31. Nd1 {[%clk 0:37:03]} b6 {[%clk 0:03:02]} 32.
Rc3 {[%clk 0:37:22]} Bd3 {[%clk 0:03:04]} 33. Rxd3 {[%clk 0:37:31]} Nxd3 {[%clk
0:03:26]} 34. Qh3+ {[%clk 0:37:56]} 1-0

[Event "Baku Chess Olympiad | Open"]
[Site "chess24.com"]
[Date "2016.09.12"]
[Round "10"]
[White "Delgado Ramirez, Neuris"]
[Black "Hansen, Sune Berg"]
[Result "*"]
[Board "1"]
[WhiteID "3503631"]
[WhiteElo "2618"]
[WhiteTitle "GM"]
[WhiteCountry "PAR"]
[WhiteFideId "3503631"]
[BlackID "1400266"]
[BlackElo "2595"]
[BlackTitle "GM"]
[BlackCountry "DEN"]
[BlackFideId "1400266"]

1. e4 {[%clk 1:30:55]} e5 {[%clk 1:30:29]} 2. Nf3 {[%clk 1:31:12]} Nc6 {[%clk
1:30:33]} 3. Bb5 {[%clk 1:31:22]} a6 {[%clk 1:30:10]} 4. Ba4 {[%clk 1:31:42]} Nf6
{[%clk 1:30:09]} 5. Qe2 {[%clk 1:32:03]} Be7 {[%clk 1:28:40]} 6. Bxc6 {[%clk
1:29:04]} dxc6 {[%clk 1:26:00]} 7. Nc3 {[%clk 1:25:04]} Bd6 {[%clk 1:19:04]} 8.
d3 {[%clk 1:24:19]} c5 {[%clk 1:14:39]} 9. Bg5 {[%clk 1:17:22]} h6 {[%clk
1:11:09]} 10. Bh4 {[%clk 1:16:38]} Be6 {[%clk 1:05:27]} 11. Nd2 {[%clk 1:11:36]}
Be7 {[%clk 0:53:37]} 12. Bg3 {[%clk 1:10:37]} Bd6 {[%clk 0:52:32]} 13. Nc4 {[%clk
1:00:01]} Bxc4 {[%clk 0:46:37]} 14. dxc4 {[%clk 0:58:44]} Nd7 {[%clk 0:43:06]}
15. O-O {[%clk 0:53:51]} Qg5 {[%clk 0:41:39]} 16. Nd5 {[%clk 0:52:49]} O-O {[%clk
0:40:35]} 17. Rad1 {[%clk 0:52:58]} Rfd8 {[%clk 0:38:16]} 18. Rd3 {[%clk
0:52:15]} Kh8 {[%clk 0:32:57]} 19. Rf3 {[%clk 0:42:44]} f6 {[%clk 0:27:56]} 20.
Rd3 {[%clk 0:33:35]} Nf8 {[%clk 0:27:50]} 21. f4 {[%clk 0:27:59]} exf4 {[%clk
0:26:56]} 22. Nxf4 {[%clk 0:28:22]} Bxf4 {[%clk 0:25:34]} 23. Bxf4 {[%clk
0:27:32]} Qg6 {[%clk 0:25:57]} 24. Bxc7 {[%clk 0:23:57]} Re8 {[%clk 0:26:15]} 25.
e5 {[%clk 0:19:36]} Ne6 {[%clk 0:23:25]} 26. Rg3 {[%clk 0:18:09]} Qf7 {[%clk
0:19:11]} 27. exf6 {[%clk 0:14:37]} Qxc7 {[%clk 0:18:23]} 28. Re3 {[%clk
0:14:54]} Qd7 {[%clk 0:16:48]} 29. f7 {[%clk 0:14:15]} Rf8 {[%clk 0:17:09]} 30.
Rxe6 {[%clk 0:14:32]} Rxf7 {[%clk 0:17:33]} 31. Rd1 {[%clk 0:12:50]} Qc7 {[%clk
0:16:15]} 32. Qe5 {[%clk 0:13:13]} Kg8 {[%clk 0:16:30]} 33. Qxc7 {[%clk 0:10:50]}
Rxc7 {[%clk 0:16:56]} 34. Red6 {[%clk 0:10:26]} Re8 {[%clk 0:16:11]} 35. Rd8
{[%clk 0:09:26]} Re7 {[%clk 0:15:02]} 36. R1d2 {[%clk 0:09:20]} b5 {[%clk
0:14:04]} 37. Rxe8+ {[%clk 0:07:34]} Rxe8 {[%clk 0:14:26]} 38. cxb5 {[%clk
0:07:43]} axb5 {[%clk 0:14:25]} 39. Rd5 {[%clk 0:07:10]} Rc8 {[%clk 0:14:21]} 40.
Kf2 {[%clk 0:37:09]} Kf7 {[%clk 0:43:58]} 41. Ke3 {[%clk 0:36:42]} Ke6 {[%clk
0:44:15]} 42. Ke4 {[%clk 0:35:46]} b4 {[%clk 0:44:05]} 43. h4 {[%clk 0:33:46]}
Rc7 {[%clk 0:44:04]} 44. h5 {[%clk 0:33:43]} Rc8 {[%clk 0:44:19]} 45. g4 {[%clk
0:33:54]} Rc7 {[%clk 0:44:38]} 46. a4 {[%clk 0:32:52]} bxa3 {[%clk 0:44:57]} 47.
bxa3 {[%clk 0:33:19]} Ra7 {[%clk 0:45:09]} 48. Rxc5 {[%clk 0:33:29]} Rxa3 {[%clk
0:45:26]} 49. Rc6+ {[%clk 0:33:51]} Kf7 {[%clk 0:45:27]} 50. c4 {[%clk 0:34:14]}
Ra1 {[%clk 0:45:02]} 51. Rg6 {[%clk 0:33:40]} *

[Event "Baku Chess Olympiad | Open"]
[Site "chess24.com"]
[Date "2016.09.12"]
[Round "10"]
[White "Andersen, Mads"]
[Black "Bachmann, Axel"]
[Result "1/2-1/2"]
[Board "2"]
[WhiteID "1413864"]
[WhiteElo "2535"]
[WhiteTitle "GM"]
[WhiteCountry "DEN"]
[WhiteFideId "1413864"]
[WhiteEloChange "1"]
[BlackID "3700488"]
[BlackElo "2641"]
[BlackTitle "GM"]
[BlackCountry "PAR"]
[BlackFideId "3700488"]
[BlackEloChange "-1"]

1. e4 {[%clk 1:30:57]} c5 {[%clk 1:30:20]} 2. Nf3 {[%clk 1:31:13]} Nc6 {[%clk
1:30:26]} 3. Bb5 {[%clk 1:31:15]} e6 {[%clk 1:30:47]} 4. O-O {[%clk 1:30:09]}
Nge7 {[%clk 1:31:07]} 5. Re1 {[%clk 1:29:15]} Nd4 {[%clk 1:26:28]} 6. Nxd4 {[%clk
1:21:16]} cxd4 {[%clk 1:26:48]} 7. c3 {[%clk 1:21:34]} a6 {[%clk 1:25:38]} 8. Bf1
{[%clk 1:19:38]} Nc6 {[%clk 1:25:59]} 9. b4 {[%clk 1:15:11]} Be7 {[%clk 1:24:42]}
10. Bb2 {[%clk 1:07:19]} d5 {[%clk 1:22:20]} 11. exd5 {[%clk 0:59:01]} exd5
{[%clk 1:21:32]} 12. a4 {[%clk 0:57:17]} O-O {[%clk 1:14:44]} 13. b5 {[%clk
0:54:45]} dxc3 {[%clk 1:11:09]} 14. Nxc3 {[%clk 0:42:23]} Nb4 {[%clk 1:11:33]}
15. Na2 {[%clk 0:38:42]} Be6 {[%clk 1:01:37]} 16. Bd4 {[%clk 0:28:56]} a5 {[%clk
1:00:02]} 17. Qb3 {[%clk 0:26:33]} Bd6 {[%clk 0:59:53]} 18. Qb2 {[%clk 0:22:52]}
Nxa2 {[%clk 0:56:31]} 19. Rxa2 {[%clk 0:22:51]} Qh4 {[%clk 0:54:39]} 20. g3
{[%clk 0:22:23]} Qg5 {[%clk 0:54:58]} 21. Raa1 {[%clk 0:21:18]} h5 {[%clk
0:53:47]} 22. h4 {[%clk 0:20:30]} Qg4 {[%clk 0:54:00]} 23. Re3 {[%clk 0:19:28]}
Bf5 {[%clk 0:52:56]} 24. Bg2 {[%clk 0:18:29]} Rac8 {[%clk 0:51:40]} 25. d3 {[%clk
0:17:13]} Bc5 {[%clk 0:47:24]} 26. Bxc5 {[%clk 0:17:26]} Rxc5 {[%clk 0:47:52]}
27. Bf3 {[%clk 0:16:56]} Qg6 {[%clk 0:47:57]} 28. d4 {[%clk 0:16:39]} Rc2 {[%clk
0:44:57]} 29. Qb3 {[%clk 0:17:00]} Rc4 {[%clk 0:45:21]} 30. Bxd5 {[%clk 0:17:14]}
Rb4 {[%clk 0:45:50]} 31. Qd1 {[%clk 0:15:45]} Rd8 {[%clk 0:40:54]} 32. Bxb7
{[%clk 0:15:24]} Rdxd4 {[%clk 0:41:10]} 33. Qf3 {[%clk 0:14:26]} Rxh4 {[%clk
0:40:12]} 34. Qc6 {[%clk 0:11:16]} Rxa4 {[%clk 0:36:51]} 35. Rae1 {[%clk
0:07:35]} Rhd4 {[%clk 0:34:46]} 36. b6 {[%clk 0:05:27]} Rab4 {[%clk 0:34:44]} 37.
Qc5 {[%clk 0:04:28]} Kh7 {[%clk 0:34:04]} 38. Bg2 {[%clk 0:03:09]} Rdc4 {[%clk
0:30:33]} 39. Qd5 {[%clk 0:03:15]} Rd4 {[%clk 0:24:30]} 40. Qc5 {[%clk 0:33:35]}
Rdc4 {[%clk 0:54:52]} 41. Qd5 {[%clk 0:27:03]} Rd4 {[%clk 0:55:12]} 42. Qe5
{[%clk 0:27:14]} Rd6 {[%clk 0:48:08]} 43. b7 {[%clk 0:26:46]} Rdb6 {[%clk
0:48:24]} 44. Qxa5 {[%clk 0:25:31]} Rxb7 {[%clk 0:48:05]} 45. Bxb7 {[%clk
0:20:25]} Rxb7 {[%clk 0:47:55]} 46. Re5 {[%clk 0:18:32]} Bg4 {[%clk 0:47:56]} 47.
Rg5 {[%clk 0:18:14]} Qc6 {[%clk 0:45:23]} 48. Rc5 {[%clk 0:15:44]} Qf3 {[%clk
0:43:38]} 49. Rc3 {[%clk 0:15:14]} Qf6 {[%clk 0:43:17]} 50. Qc5 {[%clk 0:14:26]}
g6 {[%clk 0:42:08]} 51. Qe3 {[%clk 0:13:36]} Be6 {[%clk 0:39:21]} 52. Rc5 {[%clk
0:12:06]} Rb2 {[%clk 0:38:11]} 53. Re5 {[%clk 0:10:27]} Ra2 {[%clk 0:37:58]} 54.
Qd4 {[%clk 0:09:21]} Kg7 {[%clk 0:36:40]} 55. R5e4 {[%clk 0:09:38]} Qxd4 {[%clk
0:37:01]} 56. Rxd4 {[%clk 0:10:01]} Kf6 {[%clk 0:37:26]} 57. Kg2 {[%clk 0:10:20]}
Rb2 {[%clk 0:37:48]} 58. Red1 {[%clk 0:10:23]} Ra2 {[%clk 0:38:10]} 59. R1d2
{[%clk 0:10:41]} Ra1 {[%clk 0:38:34]} 60. Rf4+ {[%clk 0:10:55]} Kg7 {[%clk
0:38:58]} 61. Rb4 {[%clk 0:10:34]} Kf6 {[%clk 0:39:18]} 62. f3 {[%clk 0:10:26]}
Ra3 {[%clk 0:39:13]} 63. Rbd4 {[%clk 0:09:45]} 1/2-1/2

[Event "Baku Chess Olympiad | Open"]
[Site "chess24.com"]
[Date "2016.09.12"]
[Round "10"]
[White "Franco Ocampos, Zenon"]
[Black "Rasmussen, Allan Stig"]
[Result "1-0"]
[Board "3"]
[WhiteID "2209381"]
[WhiteElo "2496"]
[WhiteTitle "GM"]
[WhiteCountry "PAR"]
[WhiteFideId "2209381"]
[WhiteEloChange "5"]
[BlackID "1406000"]
[BlackElo "2522"]
[BlackTitle "GM"]
[BlackCountry "DEN"]
[BlackFideId "1406000"]
[BlackEloChange "-5"]

1. c4 {[%clk 1:30:58]} Nf6 {[%clk 1:29:55]} 2. Nc3 {[%clk 1:30:47]} c5 {[%clk
1:25:30]} 3. Nf3 {[%clk 1:30:04]} b6 {[%clk 1:25:07]} 4. e4 {[%clk 1:27:32]} d6
{[%clk 1:23:41]} 5. d4 {[%clk 1:27:31]} cxd4 {[%clk 1:24:06]} 6. Nxd4 {[%clk
1:27:57]} Bb7 {[%clk 1:24:25]} 7. Bd3 {[%clk 1:24:27]} Nc6 {[%clk 1:22:12]} 8.
Nxc6 {[%clk 1:21:18]} Bxc6 {[%clk 1:22:37]} 9. b3 {[%clk 1:20:56]} g6 {[%clk
1:21:05]} 10. Bb2 {[%clk 1:21:10]} Bg7 {[%clk 1:21:28]} 11. Qe2 {[%clk 1:20:46]}
Nd7 {[%clk 1:16:44]} 12. Rd1 {[%clk 1:15:44]} O-O {[%clk 1:15:08]} 13. O-O {[%clk
1:16:06]} Nc5 {[%clk 1:13:17]} 14. Bb1 {[%clk 1:14:38]} a5 {[%clk 1:12:17]} 15.
f4 {[%clk 1:09:32]} Qc7 {[%clk 1:05:36]} 16. Nd5 {[%clk 1:05:47]} Bxd5 {[%clk
1:04:53]} 17. Rxd5 {[%clk 1:00:45]} Rfd8 {[%clk 0:43:03]} 18. Bxg7 {[%clk
0:59:52]} Kxg7 {[%clk 0:43:30]} 19. Rfd1 {[%clk 0:59:46]} Ne6 {[%clk 0:29:43]}
20. Qe3 {[%clk 0:49:11]} f6 {[%clk 0:29:07]} 21. h4 {[%clk 0:46:15]} a4 {[%clk
0:28:37]} 22. h5 {[%clk 0:42:24]} axb3 {[%clk 0:26:45]} 23. axb3 {[%clk 0:42:48]}
Ra5 {[%clk 0:21:13]} 24. b4 {[%clk 0:29:52]} Ra4 {[%clk 0:19:33]} 25. hxg6 {[%clk
0:28:34]} hxg6 {[%clk 0:19:51]} 26. e5 {[%clk 0:28:19]} dxe5 {[%clk 0:14:19]} 27.
Rxd8 {[%clk 0:27:42]} Nxd8 {[%clk 0:14:47]} 28. Qg3 {[%clk 0:24:53]} Nf7 {[%clk
0:08:36]} 29. Qxg6+ {[%clk 0:20:21]} Kf8 {[%clk 0:09:05]} 30. Be4 {[%clk
0:19:10]} b5 {[%clk 0:07:00]} 31. c5 {[%clk 0:16:39]} Rxb4 {[%clk 0:06:01]} 32.
Bd5 {[%clk 0:15:42]} e6 {[%clk 0:06:07]} 33. Bxe6 {[%clk 0:13:56]} Rxf4 {[%clk
0:00:59]} 34. Rd7 {[%clk 0:08:49]} Qxc5+ {[%clk 0:01:05]} 35. Kh2 {[%clk
0:09:13]} Rh4+ {[%clk 0:00:56]} 36. Kg3 {[%clk 0:08:54]} Qe3+ {[%clk 0:00:40]}
37. Kxh4 {[%clk 0:09:07]} Qe1+ {[%clk 0:00:33]} 38. Kh5 {[%clk 0:08:33]} 1-0

[Event "Baku Chess Olympiad | Open"]
[Site "chess24.com"]
[Date "2016.09.12"]
[Round "10"]
[White "Schandorff, Lars"]
[Black "Latorre, Matias"]
[Result "1/2-1/2"]
[Board "4"]
[WhiteID "1400070"]
[WhiteElo "2515"]
[WhiteTitle "GM"]
[WhiteCountry "DEN"]
[WhiteFideId "1400070"]
[WhiteEloChange "-3"]
[BlackID "3701107"]
[BlackElo "2318"]
[BlackTitle "FM"]
[BlackCountry "PAR"]
[BlackFideId "3701107"]
[BlackEloChange "5"]

1. Nf3 {[%clk 1:30:55]} d5 {[%clk 1:30:46]} 2. g3 {[%clk 1:31:09]} Nc6 {[%clk
1:31:03]} 3. d4 {[%clk 1:31:13]} Bg4 {[%clk 1:30:23]} 4. Bg2 {[%clk 1:31:34]} Qd7
{[%clk 1:30:44]} 5. O-O {[%clk 1:25:50]} Bh3 {[%clk 1:15:59]} 6. Bxh3 {[%clk
1:20:39]} Qxh3 {[%clk 1:16:24]} 7. c4 {[%clk 1:20:59]} e6 {[%clk 1:11:18]} 8. Nc3
{[%clk 1:12:30]} O-O-O {[%clk 1:05:02]} 9. Qa4 {[%clk 1:03:30]} Nf6 {[%clk
1:03:36]} 10. Bg5 {[%clk 0:55:10]} dxc4 {[%clk 0:40:09]} 11. Bxf6 {[%clk
0:55:12]} gxf6 {[%clk 0:40:34]} 12. Qxc4 {[%clk 0:52:03]} h5 {[%clk 0:37:41]} 13.
d5 {[%clk 0:50:53]} exd5 {[%clk 0:37:51]} 14. Nxd5 {[%clk 0:51:12]} h4 {[%clk
0:36:19]} 15. Nf4 {[%clk 0:31:59]} Qd7 {[%clk 0:36:44]} 16. Rfd1 {[%clk 0:24:15]}
Bd6 {[%clk 0:36:17]} 17. Rac1 {[%clk 0:23:22]} hxg3 {[%clk 0:32:01]} 18. fxg3
{[%clk 0:23:46]} Kb8 {[%clk 0:31:01]} 19. Qa4 {[%clk 0:12:49]} Qe8 {[%clk
0:25:22]} 20. Kf1 {[%clk 0:12:16]} Ne5 {[%clk 0:18:13]} 21. Qxe8 {[%clk 0:10:16]}
Rdxe8 {[%clk 0:18:37]} 22. Rd2 {[%clk 0:08:11]} Nxf3 {[%clk 0:13:06]} 23. exf3
{[%clk 0:08:40]} Bxf4 {[%clk 0:13:23]} 24. gxf4 {[%clk 0:09:08]} Kc8 {[%clk
0:13:32]} 25. Rc4 {[%clk 0:07:41]} Rh3 {[%clk 0:11:07]} 26. Rc3 {[%clk 0:07:14]}
Rh4 {[%clk 0:09:12]} 27. Rc4 {[%clk 0:07:20]} Rh3 {[%clk 0:07:47]} 28. Rc3 {[%clk
0:07:44]} Rh4 {[%clk 0:07:01]} 29. Rc4 {[%clk 0:07:44]} Rh3 {[%clk 0:07:16]} 30.
Rc3 {[%clk 0:07:47]} Rh4 {[%clk 0:07:36]} 1/2-1/2

[Event "Baku Chess Olympiad | Open"]
[Site "chess24.com"]
[Date "2016.09.12"]
[Round "10"]
[White "Lupulescu, Constantin"]
[Black "Iturrizaga Bonelli, Eduardo"]
[Result "0-1"]
[Board "1"]
[WhiteID "1207822"]
[WhiteElo "2618"]
[WhiteTitle "GM"]
[WhiteCountry "ROU"]
[WhiteFideId "1207822"]
[WhiteEloChange "-5"]
[BlackID "3901211"]
[BlackElo "2650"]
[BlackTitle "GM"]
[BlackCountry "VEN"]
[BlackFideId "3901211"]
[BlackEloChange "5"]

1. Nf3 {[%clk 1:30:58]} c5 {[%clk 1:30:31]} 2. c4 {[%clk 1:31:21]} g6 {[%clk
1:30:25]} 3. d4 {[%clk 1:30:54]} cxd4 {[%clk 1:30:47]} 4. Nxd4 {[%clk 1:31:19]}
Nc6 {[%clk 1:30:30]} 5. e4 {[%clk 1:31:21]} Bg7 {[%clk 1:29:21]} 6. Be3 {[%clk
1:31:11]} Nf6 {[%clk 1:29:38]} 7. Nc3 {[%clk 1:31:08]} O-O {[%clk 1:29:30]} 8.
Be2 {[%clk 1:28:46]} d6 {[%clk 1:29:45]} 9. O-O {[%clk 1:28:48]} Bd7 {[%clk
1:29:55]} 10. Qd2 {[%clk 1:27:25]} Nxd4 {[%clk 1:30:17]} 11. Bxd4 {[%clk
1:27:50]} Bc6 {[%clk 1:30:42]} 12. f3 {[%clk 1:28:08]} a5 {[%clk 1:31:03]} 13. b3
{[%clk 1:28:18]} Nd7 {[%clk 1:31:26]} 14. Be3 {[%clk 1:28:42]} Nc5 {[%clk
1:31:48]} 15. Rac1 {[%clk 1:26:33]} Be5 {[%clk 1:31:44]} 16. Rfd1 {[%clk
1:24:09]} e6 {[%clk 1:29:06]} 17. Rc2 {[%clk 1:21:15]} Qe7 {[%clk 1:20:21]} 18.
Nb5 {[%clk 1:12:21]} Qh4 {[%clk 1:16:36]} 19. g3 {[%clk 1:05:06]} Bxg3 {[%clk
1:16:21]} 20. hxg3 {[%clk 1:05:27]} Qxg3+ {[%clk 1:16:47]} 21. Kf1 {[%clk
1:04:58]} Nxe4 {[%clk 1:16:25]} 22. Qd3 {[%clk 0:50:30]} f5 {[%clk 1:00:39]} 23.
Nd4 {[%clk 0:42:54]} f4 {[%clk 0:45:59]} 24. Nxc6 {[%clk 0:33:21]} fxe3 {[%clk
0:44:47]} 25. Qxe3 {[%clk 0:30:23]} Rf4 {[%clk 0:43:34]} 26. Nd4 {[%clk 0:27:34]}
Rh4 {[%clk 0:43:21]} 27. Qg1 {[%clk 0:17:32]} Rh1 {[%clk 0:43:44]} 0-1

[Event "Baku Chess Olympiad | Open"]
[Site "chess24.com"]
[Date "2016.09.12"]
[Round "10"]
[White "Gascon Del Nogal, Jose Rafael"]
[Black "Parligras, Mircea-Emilian"]
[Result "*"]
[Board "2"]
[WhiteID "3902463"]
[WhiteElo "2436"]
[WhiteTitle "IM"]
[WhiteCountry "VEN"]
[WhiteFideId "3902463"]
[BlackID "1204297"]
[BlackElo "2595"]
[BlackTitle "GM"]
[BlackCountry "ROU"]
[BlackFideId "1204297"]

1. e4 {[%clk 1:30:58]} c6 {[%clk 1:30:53]} 2. d4 {[%clk 1:31:19]} d5 {[%clk
1:31:07]} 3. exd5 {[%clk 1:31:20]} cxd5 {[%clk 1:31:21]} 4. c4 {[%clk 1:31:46]}
Nf6 {[%clk 1:31:26]} 5. Nc3 {[%clk 1:32:08]} e6 {[%clk 1:31:19]} 6. c5 {[%clk
1:32:23]} Be7 {[%clk 1:30:54]} 7. Nf3 {[%clk 1:32:46]} O-O {[%clk 1:30:53]} 8.
Qc2 {[%clk 1:33:10]} b6 {[%clk 1:30:31]} 9. b4 {[%clk 1:33:34]} Nc6 {[%clk
1:30:09]} 10. a3 {[%clk 1:30:34]} bxc5 {[%clk 1:29:06]} 11. bxc5 {[%clk 1:30:06]}
e5 {[%clk 1:28:46]} 12. dxe5 {[%clk 1:27:06]} Ng4 {[%clk 1:28:54]} 13. Bb5 {[%clk
1:09:46]} Ncxe5 {[%clk 1:21:39]} 14. Nxe5 {[%clk 1:10:10]} Nxe5 {[%clk 1:22:04]}
15. O-O {[%clk 0:59:17]} Bxc5 {[%clk 1:21:04]} 16. Rd1 {[%clk 0:55:14]} Ng4
{[%clk 1:12:10]} 17. Ne4 {[%clk 0:45:35]} Bb6 {[%clk 1:10:22]} 18. Bg5 {[%clk
0:34:39]} Bxf2+ {[%clk 1:08:08]} 19. Kh1 {[%clk 0:32:45]} Qb6 {[%clk 1:08:12]}
20. Rxd5 {[%clk 0:23:39]} Be6 {[%clk 1:07:11]} 21. Bc6 {[%clk 0:19:03]} Bxd5
{[%clk 0:55:19]} 22. Bxd5 {[%clk 0:19:32]} Rae8 {[%clk 0:50:14]} 23. Rb1 {[%clk
0:15:28]} Qg6 {[%clk 0:47:03]} 24. h3 {[%clk 0:13:29]} Re5 {[%clk 0:45:00]} *

[Event "Baku Chess Olympiad | Open"]
[Site "chess24.com"]
[Date "2016.09.12"]
[Round "10"]
[White "Deac, Bogdan-Daniel"]
[Black "Pulvett Marin, Daniel"]
[Result "*"]
[Board "3"]
[WhiteID "1226380"]
[WhiteElo "2524"]
[WhiteTitle "IM"]
[WhiteCountry "ROU"]
[WhiteFideId "1226380"]
[BlackID "3900410"]
[BlackElo "2434"]
[BlackTitle "IM"]
[BlackCountry "VEN"]
[BlackFideId "3900410"]

1. e4 {[%clk 1:30:57]} c5 {[%clk 1:30:51]} 2. Nf3 {[%clk 1:31:23]} e6 {[%clk
1:30:33]} 3. d4 {[%clk 1:31:48]} cxd4 {[%clk 1:30:56]} 4. Nxd4 {[%clk 1:32:15]}
Nc6 {[%clk 1:31:17]} 5. Nc3 {[%clk 1:32:30]} Qc7 {[%clk 1:31:35]} 6. Be3 {[%clk
1:32:47]} a6 {[%clk 1:31:56]} 7. Qf3 {[%clk 1:33:13]} Nf6 {[%clk 1:30:45]} 8.
O-O-O {[%clk 1:33:35]} d6 {[%clk 1:31:06]} 9. Qg3 {[%clk 1:33:59]} Bd7 {[%clk
1:31:28]} 10. Kb1 {[%clk 1:31:57]} Rc8 {[%clk 1:29:20]} 11. Bd3 {[%clk 1:18:53]}
Nxd4 {[%clk 1:14:18]} 12. Bxd4 {[%clk 1:18:48]} e5 {[%clk 1:14:45]} 13. Be3
{[%clk 1:18:17]} Be6 {[%clk 1:15:13]} 14. f3 {[%clk 1:03:18]} b5 {[%clk 1:07:00]}
15. Qe1 {[%clk 1:00:48]} Be7 {[%clk 1:03:57]} 16. Bg5 {[%clk 0:21:35]} b4 {[%clk
0:50:31]} 17. Nd5 {[%clk 0:21:08]} Bxd5 {[%clk 0:44:03]} 18. exd5 {[%clk
0:21:31]} Nxd5 {[%clk 0:42:56]} 19. Bxe7 {[%clk 0:21:31]} Nxe7 {[%clk 0:43:03]}
20. Qxb4 {[%clk 0:18:52]} O-O {[%clk 0:43:01]} 21. Qa3 {[%clk 0:12:22]} d5 {[%clk
0:38:12]} 22. c3 {[%clk 0:12:32]} a5 {[%clk 0:33:21]} 23. g4 {[%clk 0:09:47]}
Rfd8 {[%clk 0:31:13]} 24. Qa4 {[%clk 0:09:44]} Qb6 {[%clk 0:28:08]} 25. Rhe1
{[%clk 0:04:09]} d4 {[%clk 0:18:30]} 26. c4 {[%clk 0:04:23]} Qc5 {[%clk 0:14:26]}
27. Qb5 {[%clk 0:04:12]} f6 {[%clk 0:13:07]} 28. f4 {[%clk 0:03:38]} Qc7 {[%clk
0:09:35]} 29. fxe5 {[%clk 0:03:52]} Rb8 {[%clk 0:09:52]} 30. Qa4 {[%clk 0:03:52]}
fxe5 {[%clk 0:09:26]} 31. Qc2 {[%clk 0:04:06]} g6 {[%clk 0:08:08]} 32. h4 {[%clk
0:03:35]} Rf8 {[%clk 0:06:44]} 33. h5 {[%clk 0:03:31]} Rf6 {[%clk 0:07:05]} 34.
hxg6 {[%clk 0:03:49]} Rfb6 {[%clk 0:05:54]} 35. gxh7+ {[%clk 0:03:22]} Kh8 {[%clk
0:06:23]} 36. Rd2 {[%clk 0:01:43]} e4 {[%clk 0:02:54]} 37. Bxe4 {[%clk 0:01:48]}
Rxb2+ {[%clk 0:03:14]} 38. Qxb2 {[%clk 0:02:06]} Rxb2+ {[%clk 0:03:37]} 39. Rxb2
{[%clk 0:02:30]} *